000 01095nam a2200229Ia 4500
001 L240-12678
003 IT-CnALBA
008 170116s9999||||xx |||||||||||||| ||und||
040 _aIT-CnALBA
_cIT-CnALBA
041 _aITALIANO
100 _aVIGOLUNGO AGOSTINO, SAC. ALBESE
245 0 _aL'UOMO GLORIA DI DIO.
250 _a1a ed.
260 _aFOSSANO (CN)
_bESPERIENZE EDITRICE
_c1959 [1° Ed.:1959 - Ed.Ling.Originale: 1959]
300 _a159 p.
500 _aUOMO ICONA DI DIO. CORAGGIO. UMILTÀ. GELOSIA. LE VIE DI DIO. PAURA DELL'UOMO. PAROLE DI UN CONVERTITO. DESTINO E CONSOLAZIONE DELL'UOMO. VIRTÙ. PRESENZA E ASSENZA DI DIO PADRE. DISEGNI NEL TESTO.
501 _aSocietà San Paolo EM - Piazza San Paolo, 14 - 12051 ALBA (CN) (non commercial uses only) ® Copyright 2017
520 _aUOMO ICONA DI DIO. CORAGGIO. UMILTÀ. GELOSIA. LE VIE DI DIO. PAURA DELL'UOMO. PAROLE DI UN CONVERTITO. DESTINO E CONSOLAZIONE DELL'UOMO. VIRTÙ. PRESENZA E ASSENZA DI DIO PADRE. DISEGNI NEL TESTO.
650 _aTEOLOGIA SPIRITUALE CRISTIANA
942 _cBK
957 _71
999 _a17431
_bNO
_g Copie: 1
_c271854
_d271854